01013pam a2200265 a 4500001000700000003001200007005001700019008004100036010001700077020001500094040001200109050002400121082002500145100002900170245009500199246006400294260005900358300007700417504005100494538008500545650003100630650003000661650001700691650003900708690812NUST - PNEC20170116181144.0960619s1997 njua b 001 0 eng  a 96026948  a0135915120 cLIBRARY00aHF5548.2b.V66 199700a650.01511322 ALT2201 aVon Altrock, Constantin.10aFuzzy logic and neuroFuzzy applications in business and finance /cConstantin von Altrock.14aFuzzy logic & neuroFuzzy applications in business & finance aUpper Saddle River, N.J. :bPrentice Hall PTR,cc1997. ax, 375 p. :bill. ;c24 cm. +e1 computer laser optical disc (4 3/4 in.) aIncludes bibliographical references and index. aSystem requirements for accompanying computer disc: MS Windows-3.1x; Windows 95. 0aBusinessxData processing. 0aFinancexData processing. 0aFuzzy logic. 0aNeural networks (Computer science)